• 首页
  • 本馆介绍
  • 公告通知
  • 最新文献
  • 馆藏检索
  • 电子资源
  • 读者导购
  • 参考咨询
  • 我的图书馆
  • 登录
  • 详细信息显示
  • 放入我的书架
  • 预约/预借图书
  • 作者相关作品
  • 分类相关作品
  • 丛书相关作品
  • 出版社相关作品

书目信息

  • 表格格式
  • 工作单格式
  • 卡片格式
题名:
江山寥廓谈笑间
    
 
作者: 聚生 , 张冰 编著
分册:  
出版信息: 北京   团结出版社  2008
页数: 312页
开本: 24cm
丛书名:
单 册:
中图分类: A752 , K827=6
科图分类:
主题词: 历史人物
电子资源:
ISBN: 978-7-80214-375-3
000 01072nam0 2200301 45
001 012001001402
005 20140921103355.0
010    @a978-7-80214-375-3@dCNY45.00
100    @a20080513d2008 em y0chiy50 ea
101 0  @achi
102    @aCN@b110000
105    @aa z 000yd
106    @ar
200 1  @a江山寥廓谈笑间@9jiang shan liao kuo tan xiao jian@e毛泽东与国民党人交往录@f聚生, 张冰编著
210    @a北京@c团结出版社@d2008
215    @a312页@c照片@d24cm
300    @a其他题名:毛泽东与国民党人交往录
330    @a本书以翔实的史料,真实记录了毛泽东与七十位国民党军政要人的交往,书中涉及毛泽东与国民党人士交往的细节、往来信函,并且披露了一些鲜为人知的历史内幕。
517 1  @a毛泽东与国民党人交往录@9mao ze dong yu guo min dang ren jiao wang lu
600  0 @a毛泽东@f(1893~1976)@x生平事迹
601 0  @a中国国民党@x历史人物@x生平事迹
606 0  @a历史人物
690    @aA752@v4
690    @aK827=6@v4
701  0 @a聚生@9ju sheng@4编著
701  0 @a张冰@9zhang bing@4编著
801  0 @aCN@b上海新华@c20180901
905    @b1156361-5@dA752@e259@f5
    
    江山寥廓谈笑间:毛泽东与国民党人交往录/聚生, 张冰编著.-北京:团结出版社,2008
    312页:照片;24cm
    其他题名:毛泽东与国民党人交往录
    
    ISBN 978-7-80214-375-3:CNY45.00
    本书以翔实的史料,真实记录了毛泽东与七十位国民党军政要人的交往,书中涉及毛泽东与国民党人士交往的细节、往来信函,并且披露了一些鲜为人知的历史内幕。
●
相关链接 在E读中查询图书 在五车中查询图书 在当当中查询图书 在豆瓣中查询图书


正题名:江山寥廓谈笑间     索取号:A752/259         预约/预借

序号 登录号 条形码 馆藏地/架位号 状态 备注
1 1156361   211563618   第一样本阅览室/ [索取号:A752/259] 在馆    
2 1156362   211563627   第一借阅区/ [索取号:A752/259] 在馆    
3 1156363   211563636   第一借阅区/ [索取号:A752/259] 在馆    
4 1156364   211563645   第一借阅区/ [索取号:A752/259] 在馆    
5 1156365   211563654   第一借阅区/ [索取号:A752/259] 在馆    
唐山师范学院图书馆 欢迎您!
大连网信软件有限公司© 版权所有